La Orden de Calatrava en el siglo XV: los señoríos castellanos de la orden al fin de la edad media
Wedi'i Gadw mewn:
| Prif Awdur: | |
|---|---|
| Fformat: | Llyfr |
| Iaith: | Sbaeneg |
| Cyhoeddwyd: |
Sevilla
Universidad de Sevilla
1978
|
| Pynciau: | |
| Tagiau: |
Ychwanegu Tag
Dim Tagiau, Byddwch y cyntaf i dagio'r cofnod hwn!
|
MARC
| LEADER | 00000nam a2200000 a 4500 | ||
|---|---|---|---|
| 001 | UCQ7126 | ||
| 003 | CL-VaPUC | ||
| 008 | 981031e19780000SP |||||||||||||||||spa|d | ||
| 082 | 0 | 4 | |a 946.03 |b SOL |2 21 |
| 100 | 0 | |a Solano Ruiz, Emma |e author |9 420960 | |
| 245 | 1 | 3 | |a La Orden de Calatrava en el siglo XV: los señoríos castellanos de la orden al fin de la edad media |
| 300 | |a 495 p | ||
| 942 | |c BK | ||
| 945 | |d 19981031 00:00:00 |a crobeson | ||
| 260 | |a Sevilla |b Universidad de Sevilla |c 1978 | ||
| 600 | 0 | 7 | |a ORDEN DE CALATRAVA |2 CL-VaPUC |9 420961 |
| 650 | 7 | |a HISTORIA DE ESPAÑA SIGLO 15 |2 CL-VaPUC |9 345321 | |
| 650 | 7 | |a EDAD MEDIA ESPAÑOLA |2 CL-VaPUC |9 420962 | |
| 651 | 7 | |a CASTILLA |2 CL-VaPUC |9 318548 | |
| 583 | |a last modification |c 19981031 00:00:00 |k Rodrigo Vera | ||
| 999 | |c 276889 |d 276887 | ||
| 952 | |0 0 |1 0 |4 0 |6 946_030000000000000_SOL_1978 |7 0 |8 A |9 314487 |a BIBEDU |b BIBEDU |d 2019-11-20 |i 1486691 |o 946.03 SOL 1978 |p 1486691 |r 2019-11-20 |w 2019-11-20 |y BK |k LIT | ||